[Event "FIDE WCh KO"]
[Site "Moscow RUS"]
[Date "2001.11.27"]
[Round "1.1"]
[White "Anand,V"]
[Black "Touzane,O"]
[Result "0-1"]
[WhiteElo "2770"]
[BlackElo "2368"]
[EventDate "2001.11.27"]

1. e4 e5 2. Nf3 Nf6 3. Nxe5 d6 4. Nf3 Nxe4 5. d4 d5 6. Bd3 Nc6 7. O-O Be7
8. c4 Nf6 9. Nc3 O-O 10. Re1 Be6 11. cxd5 Nxd5 12. a3 Bf6 13. Be4 h6 14.
Bc2 Nxc3 15. bxc3 Bc4 16. Nd2 Bd5 17. Rb1 Bg5 18. c4 Bxd2 19. cxd5 Bxe1 20.
dxc6 Ba5 21. Qd3 g6 22. cxb7 Rb8 23. Bxh6 Re8 24. Qf3 Re6 25. Bb3 Rf6 26.
Qg4 Rb6 27. Bg5 Qe8 28. Qf3 R8xb7 29. h4 Qd7 30. g4 Rxb3 31. Rxb3 Rxb3 32.
Qxb3 Qxg4+ 33. Kf1 Qxd4 34. Be3 Qa1+ 35. Kg2 Bb6 36. Bxb6 axb6 37. Qg3 Qc1
38. h5 Qc6+ 39. Kf1 Qh1+ 0-1

[Event "FIDE WCh KO"]
[Site "Moscow RUS"]
[Date "2001.11.27"]
[Round "1.1"]
[White "Van Wely,L"]
[Black "Felgaer,R"]
[Result "1-0"]
[WhiteElo "2714"]
[BlackElo "2467"]
[EventDate "2001.11.27"]

1. d4 Nf6 2. c4 g6 3. Nc3 Bg7 4. e4 d6 5. Nf3 O-O 6. Be2 c5 7. d5 e6 8. O-O
Re8 9. h3 exd5 10. exd5 Bf5 11. g4 Ne4 12. Nxe4 Bxe4 13. Ng5 h6 14. Nxe4
Rxe4 15. Bd3 Re8 16. Rb1 Nd7 17. b3 Qh4 18. Kg2 Re7 19. Bf4 Be5 20. Bd2
Rae8 21. Qf3 Bd4 22. Qg3 Qxg3+ 23. Kxg3 Ne5 24. Bc2 g5 25. Rbe1 Ng6 26.
Bxg6 fxg6 27. Rxe7 Rxe7 28. Re1 Be5+ 29. Kg2 Kf7 30. b4 cxb4 31. Bxb4 Rc7
32. Re4 b6 33. Kf3 Rc8 34. a4 Rc7 35. Ke2 Rc8 36. Kd3 h5 37. Bd2 1-0

[Event "FIDE WCh KO"]
[Site "Moscow RUS"]
[Date "2001.11.27"]
[Round "1.1"]
[White "El Taher,F"]
[Black "Georgiev,Ki"]
[Result "1-0"]
[WhiteElo "2481"]
[BlackElo "2686"]
[EventDate "2001.11.27"]

1. e4 c5 2. Nf3 d6 3. d4 cxd4 4. Nxd4 Nf6 5. f3 Nc6 6. c4 Nxd4 7. Qxd4 g6
8. Nc3 Bg7 9. Be3 O-O 10. Qd2 Be6 11. Rc1 Qa5 12. Be2 Rfc8 13. b3 a6 14.
Nd5 Qxd2+ 15. Kxd2 Nxd5 16. cxd5 Bd7 17. Rxc8+ Rxc8 18. Rc1 Rxc1 19. Kxc1
Kf8 20. Kd2 e6 21. a4 exd5 22. exd5 Ke7 23. g3 h5 24. Bg5+ Ke8 25. Bd3 Bd4
26. Be3 Bc5 27. Ke2 b5 28. axb5 axb5 29. Kd2 Ke7 30. Bg5+ f6 31. Be3 Kf7
32. Ke2 g5 33. Kd2 Bb4+ 34. Ke2 Bc3 35. Bd2 Be5 36. Kf2 g4 37. f4 Bd4+ 38.
Be3 Bc5 39. Ke2 f5 40. Kd2 Ke7 41. Bf1 Kd8 42. Kd3 Kc7 43. Bd4 Kb7 44. Bg2
Ka6 45. Bxc5 dxc5 46. Kc3 b4+ 47. Kc4 Kb6 48. d6 1-0

[Event "FIDE WCh KO"]
[Site "Moscow RUS"]
[Date "2001.11.27"]
[Round "1.1"]
[White "Dreev,A"]
[Black "Supatashvili,K"]
[Result "1/2-1/2"]
[WhiteElo "2676"]
[BlackElo "2515"]
[EventDate "2001.11.27"]

1. d4 Nf6 2. c4 e6 3. Nf3 b6 4. a3 Ba6 5. Qc2 Bb7 6. Nc3 c5 7. e4 cxd4 8.
Nxd4 Bc6 9. Bf4 Nh5 10. Be3 Bc5 11. g3 f5 12. O-O-O f4 13. g4 Nf6 14. f3
Qc7 15. g5 Nh5 16. Bh3 Qe5 17. Rhg1 1/2-1/2

[Event "FIDE WCh KO"]
[Site "Moscow RUS"]
[Date "2001.11.27"]
[Round "1.1"]
[White "Ponomariov,R"]
[Black "Li Wenliang"]
[Result "1-0"]
[WhiteElo "2684"]
[BlackElo "2511"]
[EventDate "2001.11.27"]

1. e4 c6 2. d4 d5 3. Nc3 dxe4 4. Nxe4 Bf5 5. Ng3 Bg6 6. h4 h6 7. Nf3 Nd7 8.
h5 Bh7 9. Bd3 Bxd3 10. Qxd3 Qc7 11. Bd2 e6 12. O-O-O Ngf6 13. Kb1 Bd6 14.
Ne4 Bf4 15. Be1 O-O-O 16. Nxf6 Nxf6 17. g3 Bd6 18. c4 c5 19. Bc3 cxd4 20.
Nxd4 a6 21. Qe2 Kb8 22. Nf3 Ka8 23. Ne5 Bxe5 24. Bxe5 Qc6 25. Rxd8+ Rxd8
26. Re1 Qg2 27. Bxf6 gxf6 28. Qe3 f5 29. a3 Rd7 30. Ka1 Rd8 31. Rc1 Rh8 32.
c5 Qe4 33. Qd2 f4 34. gxf4 Rb8 35. Qd6 Qc6 1-0

[Event "FIDE WCh KO"]
[Site "Moscow RUS"]
[Date "2001.11.27"]
[Round "1.1"]
[White "Lautier,J"]
[Black "Barua,D"]
[Result "1-0"]
[WhiteElo "2653"]
[BlackElo "2521"]
[EventDate "2001.11.27"]

1. d4 d5 2. c4 e6 3. Nf3 c6 4. Qc2 Nf6 5. Bg5 Nbd7 6. e3 Qa5+ 7. Nbd2 Ne4
8. Bf4 Be7 9. cxd5 exd5 10. Bd3 Ndf6 11. O-O Bf5 12. Nb3 Qd8 13. Ne5 Bg6
14. f3 Nd6 15. Nxg6 hxg6 16. e4 Nh5 17. Bd2 g5 18. e5 Nb5 19. g3 Qb6 20.
Be3 Nc7 21. Nc5 a5 22. Rac1 Ne6 23. Nxe6 fxe6 24. f4 gxf4 25. Bg6+ Kd7 26.
gxf4 Raf8 27. f5 exf5 28. Rxf5 Nf4 29. Bxf4 Qxd4+ 30. Kh1 Rxf5 1-0

[Event "FIDE WCh KO"]
[Site "Moscow RUS"]
[Date "2001.11.27"]
[Round "1.1"]
[White "Campora,D"]
[Black "Short,N"]
[Result "1-0"]
[WhiteElo "2536"]
[BlackElo "2675"]
[EventDate "2001.11.27"]

1. e4 c5 2. Nf3 e6 3. Be2 Nf6 4. e5 Nd5 5. O-O Nc6 6. Re1 d6 7. Bb5 Bd7 8.
exd6 Bxd6 9. Nc3 O-O 10. Ne4 Be7 11. d3 a6 12. Bc4 b5 13. Bb3 Na5 14. Bd2
Nxb3 15. axb3 Qb8 16. c4 Nf4 17. Be3 Rc8 18. h4 Bc6 19. Qd2 Nh5 20. Qe2 Nf6
21. Bg5 Qc7 22. Nxf6+ gxf6 23. Bh6 Kh8 24. Qe3 Rg8 25. Bf4 Qb7 26. Bg3 1-0

[Event "FIDE WCh KO"]
[Site "Moscow RUS"]
[Date "2001.11.27"]
[Round "1.1"]
[White "Azmaiparashvili,Z"]
[Black "Iuldachev,S"]
[Result "1-0"]
[WhiteElo "2674"]
[BlackElo "2523"]
[EventDate "2001.11.27"]

1. d4 d5 2. c4 dxc4 3. Nf3 a6 4. e3 Bg4 5. Bxc4 e6 6. d5 exd5 7. Bxd5 Qe7
8. Qb3 Qb4+ 9. Nc3 Qxb3 10. Bxb3 Nc6 11. h3 Bh5 12. Nd4 Nxd4 13. exd4 Bd6
14. O-O Bg6 15. Re1+ Kd7 16. Na4 b6 17. Bg5 h6 18. Bd5 Rf8 19. Be3 Ne7 20.
Bb7 a5 21. Nc5+ Kd8 22. Rad1 Bc2 23. Rc1 Bf5 24. g4 Be6 25. Ne4 Bb4 26. d5
Bc8 27. Bxc8 Nxc8 28. Re2 f5 29. Rec2 1-0

[Event "FIDE WCh KO"]
[Site "Moscow RUS"]
[Date "2001.11.27"]
[Round "1.1"]
[White "Zhang Zhong"]
[Black "Yu Shaoteng"]
[Result "0-1"]
[WhiteElo "2657"]
[BlackElo "2518"]
[EventDate "2001.11.27"]

1. e4 e6 2. d4 d5 3. Nc3 Nf6 4. e5 Nfd7 5. f4 c5 6. Nce2 Nc6 7. Nf3 Qb6 8.
c3 f6 9. Qb3 Be7 10. Be3 O-O 11. exf6 Nxf6 12. g3 c4 13. Qxb6 axb6 14. a3
b5 15. Rd1 Bd7 16. Bh3 Ne4 17. O-O h6 18. Kg2 g6 19. Rfe1 Rae8 20. Nd2 Nxd2
21. Bxd2 Kh7 22. Ng1 Bd6 23. Re2 Rf6 24. Rde1 Nd8 25. Nf3 Ref8 26. Bg4 Kg7
27. Be3 Re8 28. Bf2 Bc7 0-1

[Event "FIDE WCh KO"]
[Site "Moscow RUS"]
[Date "2001.11.27"]
[Round "1.1"]
[White "Safin,S"]
[Black "Nikolic,Pr"]
[Result "1/2-1/2"]
[WhiteElo "2538"]
[BlackElo "2652"]
[EventDate "2001.11.27"]

1. d4 Nf6 2. c4 e6 3. Nc3 Bb4 4. e3 c5 5. Bd3 Nc6 6. Nf3 d6 7. e4 e5 8. d5
Ne7 9. Rb1 h6 10. Nh4 O-O 11. g3 Rb8 12. O-O Bh3 13. Ng2 Nh7 14. f4 f5 15.
fxe5 dxe5 16. exf5 Bxf5 17. Be3 Qd6 18. Bxf5 Rxf5 19. Rxf5 Nxf5 20. Qg4 g6
21. Bd2 h5 22. Qe2 Qe7 23. Re1 Re8 24. g4 hxg4 25. Qxg4 Qg7 26. Nh4 Nf6 27.
Qg5 Kh7 28. Kh1 Nxh4 29. Qxh4+ Nh5 30. Qg5 Qf6 31. Qh6+ Kg8 32. Rg1 Qf3+
33. Rg2 Re7 34. Qxg6+ Rg7 35. Qe6+ Kh8 36. Qh6+ Rh7 37. Qg5 Qf1+ 38. Rg1
Qf3+ 39. Rg2 Rg7 40. Qh6+ Kg8 41. Qe6+ Kh8 1/2-1/2

[Event "FIDE WCh KO"]
[Site "Moscow RUS"]
[Date "2001.11.27"]
[Round "1.1"]
[White "Sutovsky,E"]
[Black "Zapata,A"]
[Result "1-0"]
[WhiteElo "2664"]
[BlackElo "2530"]
[EventDate "2001.11.27"]

1. e4 c5 2. Nc3 e6 3. Nf3 a6 4. d4 cxd4 5. Nxd4 Qc7 6. g3 Bb4 7. Bd2 Nc6 8.
Nb3 Nf6 9. Bg2 b5 10. a4 Rb8 11. axb5 axb5 12. Qe2 Bxc3 13. Bxc3 e5 14. Na5
O-O 15. O-O b4 16. Nxc6 dxc6 17. Bd2 c5 18. Bg5 Rb6 19. Ra5 Ne8 20. Be3 Rc6
21. Rfa1 Nd6 22. f4 Re8 23. fxe5 Nb7 24. Ra8 Qxe5 25. Qb5 Qe6 26. R1a6 Rxa6
27. Rxa6 Qe5 28. Ra8 h6 29. Qc6 Nd6 30. Qxc5 Qxb2 31. Qxd6 Qxc2 32. Qc5 b3
33. Qc3 1-0

[Event "FIDE WCh KO"]
[Site "Moscow RUS"]
[Date "2001.11.27"]
[Round "1.1"]
[White "Xu Jun"]
[Black "Atalik,S"]
[Result "1-0"]
[WhiteElo "2654"]
[BlackElo "2527"]
[EventDate "2001.11.27"]

1. c4 e5 2. Nc3 Nf6 3. Nf3 Nc6 4. e3 Bb4 5. Qc2 Bxc3 6. Qxc3 Qe7 7. a3 d5
8. cxd5 Nxd5 9. Qb3 Nb6 10. d3 Bf5 11. Be2 O-O-O 12. O-O Rd6 13. Bd2 Rhd8
14. Bb4 Nxb4 15. Qxb4 f6 16. d4 e4 17. Nd2 Nd5 18. Qb3 Rb6 19. Qc2 Rc6 20.
Qa4 Kb8 21. Rfc1 Bd7 22. Qb3 Nb6 23. Rxc6 Bxc6 24. a4 a5 25. Bb5 Bxb5 26.
axb5 a4 27. Qc2 f5 28. Nc4 Qb4 29. Nxb6 cxb6 30. Qxa4 Qxa4 31. Rxa4 Rc8 32.
g3 Rc2 33. Rb4 h5 34. h3 Kc7 35. g4 g6 36. gxh5 gxh5 37. h4 Kd6 38. Rb3 Kd5
39. Rc3 Rxb2 40. Rc7 1-0

[Event "FIDE WCh KO"]
[Site "Moscow RUS"]
[Date "2001.11.27"]
[Round "1.1"]
[White "Rublevsky,S"]
[Black "Nguyen Anh Dung"]
[Result "1/2-1/2"]
[WhiteElo "2634"]
[BlackElo "2533"]
[EventDate "2001.11.27"]

1. e4 e5 2. Nf3 Nf6 3. d4 Nxe4 4. Bd3 d5 5. Nxe5 Nd7 6. Nxd7 Bxd7 7. O-O
Qh4 8. c4 O-O-O 9. Nc3 Nxc3 10. bxc3 dxc4 11. Bxc4 Bd6 12. f4 f6 13. Bd5 c6
14. g3 Qg4 15. Bf3 Qe6 16. Qa4 a6 17. Rb1 h5 18. Bd2 Qf5 19. Rb2 Rde8 20.
c4 Qd3 21. c5 Bh3 22. Rf2 Bc7 23. Qb4 Qb5 24. Qc3 Qa4 25. a3 a5 26. Rb1 Bg4
1/2-1/2

[Event "FIDE WCh KO"]
[Site "Moscow RUS"]
[Date "2001.11.27"]
[Round "1.1"]
[White "Savchenko,S"]
[Black "Vallejo Pons,F"]
[Result "1-0"]
[WhiteElo "2550"]
[BlackElo "2630"]
[EventDate "2001.11.27"]

1. d4 d5 2. c4 c6 3. Nf3 Nf6 4. e3 Bf5 5. Nc3 a6 6. Be2 dxc4 7. Bxc4 e6 8.
O-O Nbd7 9. h3 Bg6 10. Qe2 Be7 11. e4 O-O 12. Rd1 Re8 13. Bf4 Rc8 14. a3 b5
15. Bd3 Qb6 16. b4 a5 17. Qb2 Ra8 18. Be3 Qb7 19. Ne1 Nb6 20. Nc2 Nc4 21.
Qb3 Nxe3 22. Nxe3 axb4 23. axb4 Rxa1 24. Rxa1 Rd8 25. Nc2 e5 26. f3 exd4
27. Ne2 Qb6 28. Kh1 Nd7 1-0

[Event "FIDE WCh KO"]
[Site "Moscow RUS"]
[Date "2001.11.27"]
[Round "1.1"]
[White "Dautov,R"]
[Black "Gurevich,D"]
[Result "1-0"]
[WhiteElo "2630"]
[BlackElo "2554"]
[EventDate "2001.11.27"]

1. d4 d5 2. c4 dxc4 3. Nf3 e6 4. e3 Nf6 5. Bxc4 c5 6. O-O a6 7. Bb3 b5 8.
a4 b4 9. Nbd2 Bb7 10. e4 Be7 11. e5 Nfd7 12. Nc4 O-O 13. Bc2 cxd4 14. Nxd4
Bd5 15. Ne3 Nxe5 16. Qh5 Ng6 17. Nxd5 Qxd5 18. Qxd5 exd5 19. Bb3 Bf6 20.
Be3 Rd8 21. Rac1 Ne5 22. Rfd1 Nc4 23. Bxc4 dxc4 24. Rxc4 Ra7 25. Rd2 a5 1-0

[Event "FIDE WCh KO"]
[Site "Moscow RUS"]
[Date "2001.11.27"]
[Round "1.1"]
[White "Volokitin,A"]
[Black "Sakaev,K"]
[Result "1/2-1/2"]
[WhiteElo "2566"]
[BlackElo "2639"]
[EventDate "2001.11.27"]

1. e4 e5 2. Nf3 Nf6 3. Nxe5 d6 4. Nf3 Nxe4 5. Bd3 Nf6 6. h3 Be7 7. O-O Nbd7
8. c3 O-O 9. Bc2 Re8 10. d4 b6 11. Bg5 Bb7 12. Re1 h6 13. Bh4 Bf8 14. Nbd2
Rxe1+ 15. Qxe1 Qe7 16. Qf1 Re8 17. Ba4 g5 18. Re1 Qd8 19. Bg3 Rxe1 20. Nxe1
Qe7 21. Nc2 Nd5 22. c4 Nf4 23. Bxf4 gxf4 24. Nb4 1/2-1/2

[Event "FIDE WCh KO"]
[Site "Moscow RUS"]
[Date "2001.11.27"]
[Round "1.1"]
[White "Cvitan,O"]
[Black "Lastin,A"]
[Result "1/2-1/2"]
[WhiteElo "2550"]
[BlackElo "2628"]
[EventDate "2001.11.27"]

1. c4 e6 2. Nf3 d5 3. d4 c5 4. cxd5 exd5 5. g3 Nc6 6. Bg2 Nf6 7. O-O Be7 8.
Nc3 O-O 9. b3 b6 10. Ne5 Nxd4 11. e3 Ne6 12. Nxd5 Bb7 13. Nxf6+ Bxf6 14.
Bxb7 Bxe5 15. Rb1 Rb8 16. Bg2 Qc7 17. Qe2 Rfd8 18. Bd2 Rd7 19. Rfc1 Rbd8
20. Be1 Qd6 1/2-1/2

[Event "FIDE WCh KO"]
[Site "Moscow RUS"]
[Date "2001.11.27"]
[Round "1.1"]
[White "Christiansen,L"]
[Black "Tiviakov,S"]
[Result "1/2-1/2"]
[WhiteElo "2570"]
[BlackElo "2599"]
[EventDate "2001.11.27"]

1. e4 c5 2. Nf3 Nc6 3. d4 cxd4 4. Nxd4 g6 5. Nc3 Bg7 6. Be3 Nf6 7. Bc4 O-O
8. Bb3 d6 9. f3 a5 10. Ndb5 Nd7 11. a4 Nc5 12. Bc4 Be6 13. Bxe6 Nxe6 14.
O-O Rc8 15. Qd2 Nb4 16. Rac1 Nc5 17. Kh1 b6 18. b3 Qd7 19. Bd4 Bxd4 20.
Qxd4 Rfd8 1/2-1/2

[Event "FIDE WCh KO"]
[Site "Moscow RUS"]
[Date "2001.11.27"]
[Round "1.1"]
[White "Milov,V"]
[Black "Yermolinsky,A"]
[Result "0-1"]
[WhiteElo "2602"]
[BlackElo "2577"]
[EventDate "2001.11.27"]

1. d4 Nf6 2. c4 e6 3. Nc3 Bb4 4. e3 O-O 5. Bd3 d5 6. a3 Bxc3+ 7. bxc3 dxc4
8. Bxc4 c5 9. Nf3 Qa5 10. Bd2 Ne4 11. O-O Nc6 12. Rc1 Bd7 0-1

[Event "FIDE WCh KO"]
[Site "Moscow RUS"]
[Date "2001.11.27"]
[Round "1.1"]
[White "Dao Thien Hai"]
[Black "Milos,G"]
[Result "1/2-1/2"]
[WhiteElo "2531"]
[BlackElo "2610"]
[EventDate "2001.11.27"]

1. d4 Nf6 2. c4 e6 3. Nf3 d5 4. Nc3 Be7 5. Bg5 O-O 6. e3 Nbd7 7. Be2 dxc4
8. Bxc4 c5 9. O-O a6 10. a4 cxd4 11. Nxd4 Qa5 12. Bh4 Ne5 13. Ba2 Ng6 14.
Bg3 e5 15. Nf3 Bg4 16. Nd5 Rad8 17. Nxe7+ Nxe7 18. Qb3 Nc6 19. Ng5 Rd7 20.
f3 Bf5 21. Rfd1 Re7 22. Bh4 1/2-1/2

[Event "FIDE WCh KO"]
[Site "Moscow RUS"]
[Date "2001.11.27"]
[Round "1.1"]
[White "Pigusov,E"]
[Black "Ivanov,AV"]
[Result "1-0"]
[WhiteElo "2613"]
[BlackElo "2586"]
[EventDate "2001.11.27"]

1. Nf3 Nf6 2. c4 b6 3. g3 c5 4. Bg2 Bb7 5. O-O g6 6. d4 cxd4 7. Qxd4 Bg7 8.
Nc3 d6 9. Rd1 Nbd7 10. b3 O-O 11. Qh4 Rc8 12. Bh6 Rc5 13. Bxg7 Kxg7 14. Qd4
Qa8 15. Ne1 a6 16. e4 Rcc8 17. Nc2 Nc5 1-0

[Event "FIDE WCh KO"]
[Site "Moscow RUS"]
[Date "2001.11.27"]
[Round "1.1"]
[White "Sulskis,S"]
[Black "Graf,A"]
[Result "1-0"]
[WhiteElo "2571"]
[BlackElo "2610"]
[EventDate "2001.11.27"]

1. e4 c5 2. Nf3 e6 3. d4 cxd4 4. Nxd4 Nf6 5. Nc3 d6 6. Be3 a6 7. f3 b5 8.
g4 Bb7 9. Qd2 Nc6 10. Nxc6 Bxc6 11. O-O-O Rc8 12. Bd3 Be7 13. Ne2 Nd7 14.
Kb1 Ne5 15. Nd4 Bb7 16. Qe2 O-O 17. h4 d5 18. Bf4 Bd6 1-0

[Event "FIDE WCh KO"]
[Site "Moscow RUS"]
[Date "2001.11.27"]
[Round "1.1"]
[White "Nisipeanu,LD"]
[Black "Bruzon,L"]
[Result "1/2-1/2"]
[WhiteElo "2609"]
[BlackElo "2564"]
[EventDate "2001.11.27"]

1. e4 c5 2. Nf3 e6 3. Nc3 a6 4. d4 cxd4 5. Nxd4 Nc6 6. Be2 Qc7 7. O-O Nf6
8. Be3 d6 9. a4 Be7 10. f4 O-O 11. Kh1 e5 12. Qd2 exf4 13. Bxf4 Be6 14.
Rfd1 Rfd8 15. h3 Rac8 16. a5 Qb8 17. Ra4 1/2-1/2

[Event "FIDE WCh KO"]
[Site "Moscow RUS"]
[Date "2001.11.27"]
[Round "1.1"]
[White "Krasenkow,M"]
[Black "Lputian,S"]
[Result "0-1"]
[WhiteElo "2592"]
[BlackElo "2618"]
[EventDate "2001.11.27"]

1. d4 e6 2. c4 d5 3. Nc3 Be7 4. Bf4 c6 5. e3 Nd7 6. Nf3 Ngf6 7. Bd3 Nb6 8.
Ne5 Nfd7 9. Qc2 Nxe5 10. Bxe5 f6 11. Bg3 g6 12. h4 Bd6 13. Ne2 Bxg3 14.
Nxg3 Qe7 15. h5 f5 16. Nxf5 exf5 17. Bxf5 0-1

[Event "FIDE WCh KO"]
[Site "Moscow RUS"]
[Date "2001.11.27"]
[Round "1.1"]
[White "Dominguez,L"]
[Black "Kotsur,P"]
[Result "1/2-1/2"]
[WhiteElo "2596"]
[BlackElo "2572"]
[EventDate "2001.11.27"]

1. e4 c5 2. Nf3 Nc6 3. d4 cxd4 4. Nxd4 g6 5. c4 Nf6 6. Nc3 d6 7. Be2 Nxd4
8. Qxd4 Bg7 9. Bg5 O-O 10. Qd2 Be6 11. Rc1 Qa5 12. f3 Rfc8 13. b3 a6 14.
Na4 Rc6 15. Be3 Nd7 16. g4 Kf8 17. h4 f5 18. exf5 gxf5 19. g5 d5 20. cxd5
Bxd5 21. Nc5 Nxc5 22. Bxc5 1/2-1/2

[Event "FIDE WCh KO"]
[Site "Moscow RUS"]
[Date "2001.11.27"]
[Round "1.1"]
[White "Baklan,V"]
[Black "Benjamin,Joe"]
[Result "1/2-1/2"]
[WhiteElo "2590"]
[BlackElo "2587"]
[EventDate "2001.11.27"]

1. e4 e5 2. Nf3 Nc6 3. Bb5 Nge7 4. c3 d6 5. d4 Bd7 6. Bc4 Na5 7. Be2 Nac6
8. dxe5 dxe5 9. Bc4 Nc8 10. O-O Be7 11. Nbd2 O-O 12. Bd5 Nd6 13. Qe2 Bf6
14. Rd1 Ne7 15. Bb3 Ng6 16. Nf1 Qe7 17. Bc2 Rad8 18. Ng3 Rfe8 1/2-1/2

[Event "FIDE WCh KO"]
[Site "Moscow RUS"]
[Date "2001.11.27"]
[Round "1.1"]
[White "Anastasian,A"]
[Black "Fedorov,Alex"]
[Result "1-0"]
[WhiteElo "2588"]
[BlackElo "2599"]
[EventDate "2001.11.27"]

1. Nf3 Nf6 2. c4 g6 3. Nc3 Bg7 4. g3 O-O 5. Bg2 d6 6. O-O Nc6 7. d3 h6 8.
Rb1 a5 9. a3 e5 10. b4 axb4 11. axb4 Bg4 12. h3 Be6 13. e4 Ne8 14. Nd5 Qd7
15. b5 Ne7 16. Kh2 Nc8 17. d4 c6 18. Ne3 Qc7 19. Bb2 cxb5 20. cxb5 Nb6 21.
Ra1 Rd8 22. Qd2 1-0

[Event "FIDE WCh KO"]
[Site "Moscow RUS"]
[Date "2001.11.27"]
[Round "1.1"]
[White "Avrukh,B"]
[Black "Macieja,B"]
[Result "0-1"]
[WhiteElo "2606"]
[BlackElo "2582"]
[EventDate "2001.11.27"]

1. d4 Nf6 2. c4 e6 3. Nf3 b6 4. g3 Ba6 5. b3 Bb4+ 6. Bd2 Be7 7. Nc3 O-O 8.
Qc2 d5 9. cxd5 exd5 10. Bg5 Nbd7 11. e3 Bxf1 12. Kxf1 h6 13. Bxf6 Nxf6 14.
Kg2 Qc8 15. Rhd1 Rd8 16. Rac1 Qa6 17. Ne5 Ba3 18. Rb1 c5 19. Nc6 Re8 20. b4
cxb4 21. Nxb4 Qc8 22. Qd3 Bxb4 23. Rxb4 h5 24. Ne2 0-1

[Event "FIDE WCh Women KO"]
[Site "Moscow RUS"]
[Date "2001.11.27"]
[Round "1.1"]
[White "Paridar,S"]
[Black "Kovalevskaya,E"]
[Result "1/2-1/2"]
[WhiteElo "2071"]
[BlackElo "2486"]
[EventDate "2001.11.27"]

1. e4 c5 2. c3 Nf6 3. e5 Nd5 4. d4 cxd4 5. Nf3 Nc6 6. Bc4 Nb6 7. Bb3 d6 8.
exd6 Qxd6 9. O-O Be6 10. Bxe6 Qxe6 11. Nxd4 Nxd4 12. Qxd4 Rd8 13. Qh4 Qe2
14. Be3 Qxb2 15. Nd2 Rxd2 1/2-1/2

[Event "FIDE WCh Women KO"]
[Site "Moscow RUS"]
[Date "2001.11.27"]
[Round "1.1"]
[White "Wang Pin"]
[Black "Chaves,Joa"]
[Result "1-0"]
[WhiteElo "2498"]
[BlackElo "2079"]
[EventDate "2001.11.27"]

1. e4 e5 2. Nf3 Nc6 3. Bb5 Nf6 4. O-O Nxe4 5. d4 Nd6 6. Bxc6 dxc6 7. dxe5
Nf5 8. Qxd8+ Kxd8 9. Nc3 h6 10. h3 Bd7 11. Rd1 Kc8 12. b3 b6 13. Bb2 Ne7
14. Ne2 Ng6 15. a4 a5 16. Ng3 Nf4 17. Bc1 Ng6 18. Nh5 c5 19. Bb2 Rg8 20. c4
1-0

[Event "FIDE WCh Women KO"]
[Site "Moscow RUS"]
[Date "2001.11.27"]
[Round "1.1"]
[White "Arouche,F"]
[Black "Xu Yuhua"]
[Result "0-1"]
[WhiteElo "2077"]
[BlackElo "2485"]
[EventDate "2001.11.27"]

1. c4 c5 2. Nf3 Nc6 3. Nc3 e5 4. e4 d6 5. Be2 g6 6. d3 Bg7 7. O-O Nge7 8.
Ne1 O-O 9. Nc2 f5 10. Ne3 f4 11. Ned5 Nd4 12. f3 Bd7 13. Bd2 g5 14. g3 Nec6
15. Rb1 a5 16. a3 a4 17. Rf2 Na5 18. Kh1 Nab3 19. Bf1 h5 20. Ne2 fxg3 21.
Nxg3 h4 22. Nh5 Nxd2 0-1

[Event "FIDE WCh Women KO"]
[Site "Moscow RUS"]
[Date "2001.11.27"]
[Round "1.1"]
[White "Zhu Chen"]
[Black "Maggiolo,E"]
[Result "1-0"]
[WhiteElo "2497"]
[BlackElo "2090"]
[EventDate "2001.11.27"]

1. d4 Nf6 2. c4 g6 3. Nc3 Bg7 4. e4 d6 5. Nf3 O-O 6. Be2 c5 7. d5 e5 8.
dxe6 fxe6 9. O-O Nc6 10. Bg5 a6 11. Qd2 Qc7 12. Rad1 Ne8 13. Bh6 Bxh6 14.
Qxh6 Qg7 15. Qxg7+ Kxg7 16. e5 Rxf3 17. Bxf3 Nxe5 18. Ne4 Nf7 19. a4 Rb8
20. Be2 b6 21. f4 Bb7 22. Ng5 1-0

[Event "FIDE WCh Women KO"]
[Site "Moscow RUS"]
[Date "2001.11.27"]
[Round "1.1"]
[White "Groberman,E"]
[Black "Ioseliani,N"]
[Result "0-1"]
[WhiteElo "2103"]
[BlackElo "2497"]
[EventDate "2001.11.27"]

1. e4 c5 2. Nf3 e6 3. d4 cxd4 4. Nxd4 Nc6 5. Nc3 Qc7 6. g3 a6 7. Bg2 Nf6 8.
O-O d6 9. Re1 Be7 10. Nxc6 bxc6 11. e5 dxe5 12. Rxe5 O-O 13. Re1 Rd8 14.
Qf3 Nd5 15. Ne4 e5 16. a3 f5 17. Nd2 e4 18. Qe2 a5 19. c4 Ba6 20. Bxe4 fxe4
21. Qxe4 Bf6 22. cxd5 cxd5 23. Qe6+ Kf8 24. Nf3 Bc8 25. Qe2 Ba6 26. Qe6 Re8
0-1

[Event "FIDE WCh Women KO"]
[Site "Moscow RUS"]
[Date "2001.11.27"]
[Round "1.1"]
[White "Stefanova,A"]
[Black "Shah,P"]
[Result "1-0"]
[WhiteElo "2473"]
[BlackElo "2172"]
[EventDate "2001.11.27"]

1. e4 c5 2. Nc3 Nc6 3. Bb5 d6 4. Bxc6+ bxc6 5. d3 g6 6. Be3 Bg7 7. Qd2 e5
8. Nge2 Ne7 9. Bh6 O-O 10. h4 f5 11. h5 f4 12. hxg6 Nxg6 13. g3 Kh8 14.
O-O-O Qe7 1-0

[Event "FIDE WCh Women KO"]
[Site "Moscow RUS"]
[Date "2001.11.27"]
[Round "1.1"]
[White "Levushkina,E"]
[Black "Maric,A"]
[Result "0-1"]
[WhiteElo "2280"]
[BlackElo "2457"]
[EventDate "2001.11.27"]

1. e4 e6 2. d4 d5 3. Nd2 c5 4. exd5 Qxd5 5. Ngf3 cxd4 6. Bc4 Qd6 7. O-O Nf6
8. Nb3 Nc6 9. Nbxd4 Nxd4 10. Nxd4 a6 11. Re1 Qc7 12. Qe2 Bd6 13. Bg5 O-O
14. Bxf6 gxf6 15. Bd3 Qc5 16. Rad1 Rd8 17. Qg4+ Qg5 18. Qh3 f5 19. Nf3 Qg4
20. Qh6 Be7 21. Qe3 0-1

[Event "FIDE WCh Women KO"]
[Site "Moscow RUS"]
[Date "2001.11.27"]
[Round "1.1"]
[White "Bojkovic,N"]
[Black "Kouvatsou,M"]
[Result "1-0"]
[WhiteElo "2452"]
[BlackElo "2234"]
[EventDate "2001.11.27"]

1. e4 e5 2. Nf3 Nf6 3. Nc3 Bb4 4. d3 d5 5. exd5 Nxd5 6. Bd2 Nc6 7. Be2 O-O
8. O-O Nxc3 9. bxc3 Bc5 10. Rb1 f6 11. Re1 Be6 12. Bf1 Qd7 13. c4 Rad8 14.
h3 Qf7 15. Qe2 Rfe8 16. Qe4 Bc8 17. Qh4 Qg6 1-0

[Event "FIDE WCh Women KO"]
[Site "Moscow RUS"]
[Date "2001.11.27"]
[Round "1.1"]
[White "Mohota,N"]
[Black "Stepovaia Dianchenko,T"]
[Result "1-0"]
[WhiteElo "2262"]
[BlackElo "2435"]
[EventDate "2001.11.27"]

1. d4 d5 2. c4 e6 3. Nc3 c6 4. e3 Bd6 5. Bd3 f5 6. Nge2 Nf6 7. Qc2 Ne4 8.
O-O O-O 9. f3 Nxc3 10. Nxc3 Na6 11. a3 dxc4 12. Bxc4 b5 13. Be2 Qc7 14. f4
Bb7 15. Bf3 Qe7 16. Bd2 Nc7 17. e4 fxe4 18. Bxe4 h6 19. Rae1 Qd7 20. Qb3
Nd5 1-0

[Event "FIDE WCh Women KO"]
[Site "Moscow RUS"]
[Date "2001.11.27"]
[Round "1.1"]
[White "Khurtsidze,N"]
[Black "Aarthie,R"]
[Result "0-1"]
[WhiteElo "2425"]
[BlackElo "2301"]
[EventDate "2001.11.27"]

1. d4 Nf6 2. c4 g6 3. Nf3 Bg7 4. g3 O-O 5. Bg2 d6 6. O-O Nc6 7. d5 Na5 8.
Qa4 c5 9. Bd2 b6 10. Bc3 Bd7 11. Qc2 b5 12. cxb5 Bxb5 13. Na3 Bd7 14. e4
Ng4 15. Bxg7 Kxg7 16. h3 Nf6 17. Rad1 Rb8 18. e5 dxe5 19. Nxe5 Qb6 20. Rd2
Bf5 21. Qc3 Qb4 22. Re1 h6 23. Qxb4 cxb4 24. Nac4 Nxc4 25. Nxc4 Rfe8 26.
Na5 Kf8 27. Nc6 Rb7 28. Rd4 0-1

[Event "FIDE WCh Women KO"]
[Site "Moscow RUS"]
[Date "2001.11.27"]
[Round "1.1"]
[White "Ciuksyte,D"]
[Black "Arakhamia,K"]
[Result "0-1"]
[WhiteElo "2271"]
[BlackElo "2437"]
[EventDate "2001.11.27"]

1. e4 d5 2. exd5 Qxd5 3. Nc3 Qa5 4. d4 Nf6 5. Bc4 Bg4 6. f3 Bf5 7. Nge2 e6
8. Bd2 Qb6 9. O-O c6 10. Kh1 Nbd7 11. Bb3 Bd6 12. Bf4 O-O-O 13. Na4 Qc7 14.
Qc1 h5 15. Qe3 0-1

[Event "FIDE WCh Women KO"]
[Site "Moscow RUS"]
[Date "2001.11.27"]
[Round "1.1"]
[White "Shahade,J"]
[Black "Kosteniuk,A"]
[Result "0-1"]
[WhiteElo "2295"]
[BlackElo "2455"]
[EventDate "2001.11.27"]

1. e4 c5 2. Nf3 d6 3. d4 cxd4 4. Nxd4 Nf6 5. Nc3 Nc6 6. Bg5 e6 7. Qd2 a6 8.
O-O-O h6 9. Be3 Qc7 10. f3 Rb8 11. g4 Ne5 12. h4 b5 13. Bd3 Nfd7 14. Kb1
Nb6 15. Qg2 Nec4 16. Bc1 b4 17. Nce2 e5 18. Nf5 Be6 19. g5 Na4 20. b3 Na3+
21. Bxa3 bxa3 22. c4 Bxc4 23. Ne3 0-1